| 000 | 01262nam0a22003011 4500 | ||
|---|---|---|---|
| 001 | rc\2118194 | ||
| 005 | 20110829170816.9 | ||
| 035 | _a(NLR Aleph) 006697828 | ||
| 090 |
_a5212764 _c5212764 |
||
| 100 | _a20110829d1978 |||y0rusy50 ca | ||
| 101 | 0 | _arus | |
| 102 | _aRU | ||
| 105 | _ay z ||||| | ||
| 200 | 1 |
_aАлгебра множеств _eМетод. разраб. для учителей сред. школы, ПТУ и студентов вузов _fЛенингр. отд-ние Пед. о-ва РСФСР, Секция математики _g[Сост. И.Я. Бакельман, К.П. Козлов, В.А. Козлова] |
|
| 210 |
_aЛенинград _c[Б. и.] _d1978 |
||
| 215 |
_a45 с. _d21 |
||
| 606 |
_aМножеств теория _2psbo |
||
| 702 | 1 |
_aКозлов _bК. П. _4220 |
|
| 702 | 1 |
_aКозлова _bВ. А. _4220 |
|
| 702 | 1 |
_aБакельман _bИ. Я. _gИлья Яковлевич _4220 |
|
| 712 | 0 | 2 |
_aПедагогическое о-во РСФСР _bЛенинградское обл. отделение _3RU\NLR\AUTH\889977608 |
| 801 | 0 |
_aRU _bNLR _gpsbo |
|
| 801 | 1 |
_aRU _bELAR _2rusmarc |
|
| 852 |
_aNLR _j78-4/13803 |
||
| 899 |
_aRuMoRGB _jБ 78-54/730 |
||
| 899 |
_aRuMoRGB _jБ 78-54/731 |
||
| 942 | _cBOOK | ||
| 980 | _aNB | ||